[Event "Moscow Aeroflot op-A"]
[Site "Moscow"]
[Date "2005.02.15"]
[Round "1"]
[White "Solak, Dragan"]
[Black "Ponomariov, Ruslan"]
[Result "1/2-1/2"]
[WhiteElo "2596"]
[BlackElo "2700"]
[Annotator "Dautov,R"]
[PlyCount "131"]
[EventDate "2005.02.15"]
[EventType "swiss"]
[EventRounds "9"]
[EventCountry "RUS"]
[SourceTitle "CBM 106"]
[Source "ChessBase"]
[SourceDate "2005.06.06"]
[SourceVersion "1"]
[SourceVersionDate "2005.06.06"]
[SourceQuality "1"]

1. e4 c6 2. c4 d5 3. cxd5 cxd5 4. exd5 Nf6 5. Nc3 Nxd5 6. d4 e6 7. Bd3 Nc6 8.
Nf3 Bb4 9. Bd2 O-O 10. O-O Nf6 {Eine seltene Fortsetzung, viel häufiger sieht
man hier 10...Be7.} (10... Be7) 11. Bg5 h6 12. Bh4 {Interessant ist auch 12.
Be3 mit der Absicht Qd2 und Bxh6.} (12. Be3 Bd6 13. Rc1 (13. Qd2 $5) 13... e5
$5 14. h3 (14. dxe5 Nxe5 15. Nxe5 Bxe5 16. h3 Be6 $11) 14... Be6 15. Qd2 $5 Qa5
16. Bxh6 exd4 $1 17. Nb5 Qxd2 18. Bxd2 Bb8 19. Nbxd4 Nxd4 20. Nxd4 Bxa2 $11 {
Polgar,J-Karpov,A/Dos Hermanas 1999}) 12... Be7 {Ponomariov verfolgt einen
bekannten Plan, die schwarzfeldrigen Läufer sollen nach Nh5 abgetauscht werden.
} 13. a3 {In Frage kommt 13.Re1, wonach der weiße Turm schnell auf die 3.
Reihe überführt werden kann.} (13. Re1 Nh5 (13... b6 $5) 14. Bxe7 Nxe7 15. Ne5
Nf6 16. Re3 Bd7 17. Rg3 Kh8 18. Ne4 Nxe4 19. Bxe4 $36 {Iuldachev,S-Prakash,G/
Kelamabakkam 2000}) 13... Nh5 (13... b6 14. Re1 Nd5 15. Bg3 Bb7 16. Bc2 Qd7 17.
Qd3 g6 18. Bb3 $14 {Grund,H-Riedel,H/Schwaebisch Gmuend 1997}) 14. Bxe7 Nxe7
15. Ne5 Nf6 {Schwarz hat sein Ziel erreicht, die schwarzfeldrigen Läufer
verschwanden vom Brett. Als Nächstes ist Bd7-c6 geplant.} 16. Ne4 (16. Re1 Bd7
17. Qd2 (17. Re3 $5 Bc6 18. Rg3) 17... Bc6 18. Rad1 Ned5 19. Nxc6 bxc6 20. Na4
Qb8 21. g3 Rd8 $11 {Esserman,M-Enhbat,T/Seattle 2003}) 16... Nfd5 (16... Ned5
17. Qf3 Qb6 $11 (17... b6 $2 18. Nc6 Qd7 19. Nxf6+ Nxf6 20. Ne7+ $16)) 17. Bc2
Nf5 (17... b6 $5 18. Qd3 g6 $11) 18. Ng3 Nh4 $2 {Dies wirkt etwas gekünstelt.
Vorzuziehen war der Abtausch auf g3 nebst Bd7.} (18... Nxg3 19. hxg3 (19. fxg3
$2 Ne3 $17) 19... Bd7 20. Be4 Bc6 $11) 19. Qd3 g6 20. Qd2 Kg7 (20... Qg5 $2 21.
f4 Qe7 22. f5 $40) 21. Ng4 {Diese Aktion ist für Schwarz ungefährlich. Mit 21.
Be4! konnte Weiß die Schattenseiten des Springer auf h4 zum Vorschein bringen.}
(21. Rac1 b6 22. Be4 Bb7 $11) (21. Be4 $1 Nf6 22. Rfe1 Nxe4 23. Rxe4 Nf5 24.
Rg4 $14 (24. Nxf5+ exf5 25. Re3 Be6 $14)) 21... Rh8 22. Ne3 Nf4 23. Nef5+ gxf5
24. Qxf4 Ng6 {Hier fand der Springer einen guten und sicheren Platz.} 25. Qd2 (
25. Nh5+ Kh7 26. Qe3 Qg5 $11) 25... h5 26. Ne2 (26. Bd1 h4 27. Nh5+ Kg8 28. d5
f4 $1 $13) 26... Qd6 27. Rad1 Bd7 $11 28. d5 e5 29. f4 e4 30. Qc3+ Qf6 31.
Qxf6+ Kxf6 {Das entstandene Endspiel ist ausgeglichen, aber Ponomariov gelingt
es, seinen Gegner nach und nach zu überspielen.} 32. Nc3 Rac8 33. Bb3 Rc5 $1
34. Kf2 (34. d6 Be6 $15) 34... Rhc8 {Nun muß Weiß dauernd mit dem
Qualitätsopfer auf c3 rechnen.} 35. g3 b5 36. Rc1 (36. d6 Rxc3 37. bxc3 Rxc3
38. Rb1 a5 $15) 36... Ke7 37. Ke3 $2 {Notwendig war 37.d6+! Diese taktische
Chance ausgelassen, gerät Weiß in Schwierigkeiten.} (37. d6+ $1 Ke8 38. Rfd1 a5
39. Ke3 $11) 37... Kd6 $15 38. Kd4 a5 39. Ne2 $2 a4 40. Rxc5 Rxc5 41. Bd1 Rxd5+
42. Kc3 Rd3+ 43. Kc2 h4 44. Nc1 Rd5 45. Bh5 hxg3 46. hxg3 Be6 47. Rd1 Rxd1 48.
Bxd1 Ne7 49. Kc3 Nd5+ $2 {Ein untypischer Fehler für Ponomariov, der für seine
hervorragende Endspieltechnik bekannt ist. Schwarz erlaubt die Zentralisierung
des gegnerischen Königs.} (49... Kc5 50. b4+ axb3 51. Nxb3+ Bxb3 52. Bxb3 Nd5+
$19) 50. Kd4 Nb6 $2 {Es war noch nicht zu spät für 50...Ne7!} (50... Ne7 $1 51.
Kc3 Kc5 $19) 51. Ne2 Na8 $2 (51... Nc4 52. Nc3 Kc6 53. Be2 $17) 52. Nc3 Nc7 53.
g4 $1 {Weiß rettet sich.} fxg4 54. Nxe4+ Ke7 55. Ng3 Bd7 (55... Kf6 $5 56. Bc2
Bb3 $15) 56. f5 Kf6 57. Bxg4 Kg5 58. Bh5 $1 Kh4 59. Bxf7 Kxg3 60. Ke5 Ne8 61.
f6 Kf2 62. Bg6 Nxf6 63. Kxf6 Ke3 64. Ke5 Kd2 65. Kd4 Kc1 66. Kc3 1/2-1/2

[Event "Niksic International"]
[Site "Niksic"]
[Date "1978.06.??"]
[Round "4"]
[White "Uhlmann, Wolfgang"]
[Black "Ribli, Zoltan"]
[Result "1-0"]
[WhiteElo "2575"]
[BlackElo "2585"]
[Annotator "Dolmatov,S"]
[PlyCount "59"]
[EventDate "1978.06.??"]
[EventType "tourn"]
[EventRounds "11"]
[EventCountry "YUG"]
[EventCategory "13"]
[SourceTitle "MCL"]
[Source "ChessBase"]
[SourceDate "1999.07.01"]
[SourceVersion "1"]
[SourceVersionDate "1999.07.01"]
[SourceQuality "1"]

1. c4 Nf6 2. Nc3 e6 3. Nf3 d5 4. d4 c5 5. cxd5 Nxd5 6. e3 Nc6 7. Bd3 Be7 8. O-O
O-O 9. a3 cxd4 10. exd4 Bf6 11. Re1 g6 (11... Nxd4 12. Nxd4 Bxd4 13. Bxh7+ Kxh7
14. Qxd4 Nxc3 15. Qxc3 $14) 12. Bh6 Re8 13. Nxd5 Qxd5 (13... exd5 14. Rxe8+
Qxe8 15. Qd2 Bg4 (15... Nxd4 $2 16. Nxd4 Bxd4 17. Re1 Be6 18. Bb5 Bxf2+ 19.
Qxf2 Qxb5 20. Qf6 $18) 16. Re1 Qd7 17. Ne5 Nxe5 18. dxe5 Bg7 $14) 14. Be4 Qd6
15. Be3 Rd8 16. Rc1 Bd7 (16... Nxd4 17. Nxd4 Bxd4 18. Bxd4 Qxd4 19. Qxd4 Rxd4
20. Rc7 $44) 17. Qd2 Rac8 18. b4 $14 b6 (18... Be8 19. h4 $14 (19. b5 $6 Ne7
20. Rxc8 Nxc8 $10)) 19. Bf4 Qf8 20. d5 exd5 21. Bxd5 Ne7 $6 (21... Be6 $5 22.
Rxe6 fxe6 23. Bxe6+ Kh8 24. Qe3 (24. Qa2 $2 Nxb4 25. axb4 Rxc1+ $19) (24. Qc2
Nd4 25. Qxc8 Ne2+ 26. Kf1 Nxf4 27. Qc4 Qd6 $44) 24... Re8) 22. Bh6 $1 Bg7 23.
Bxg7 Kxg7 24. Bb3 $16 f6 25. Rxc8 Bxc8 26. Qc3 Ng8 27. h3 Qd6 28. Ng5 Qd2 (
28... Qd3 29. Qc7+ Rd7 (29... Qd7 30. Ne6+ $18) (29... Kh6 30. Qxd8 $18) 30.
Qxc8 $18) 29. Qxd2 Rxd2 30. Re8 1-0

[Event "RUS-chT 07th"]
[Site "Smolensk"]
[Date "2000.04.22"]
[Round "8"]
[White "Belozerov, Andrei"]
[Black "Perun, Sergey"]
[Result "1-0"]
[WhiteElo "2487"]
[BlackElo "2401"]
[Annotator "Finkel,A"]
[PlyCount "67"]
[EventDate "2000.04.15"]
[EventType "team-tourn"]
[EventRounds "11"]
[EventCountry "RUS"]
[SourceTitle "CBM 077"]
[Source "ChessBase"]
[SourceDate "2000.07.27"]
[SourceVersion "1"]
[SourceVersionDate "2000.07.27"]
[SourceQuality "1"]
[WhiteTeam "Tomsk Politekhnik-Yantar"]
[BlackTeam "Moscow M. Saulin PRSFI"]
[WhiteTeamCountry "RUS"]
[BlackTeamCountry "RUS"]

1. c4 c6 2. e4 d5 3. exd5 cxd5 4. d4 Nf6 5. Nc3 e6 6. Nf3 Be7 7. cxd5 Nxd5 8.
Bd3 Nc6 9. O-O O-O 10. Re1 Bf6 11. Be4 Nce7 {In this position were played
handreds of games and any remark about the plans of the sides seems to be just
not in the place.} 12. Qd3 h6 13. Ne5 Bd7 $6 (13... Nc6 14. Bxd5 exd5 (14...
Nb4 15. Qg3 Bh4 16. Qf3 Nxd5 17. Nxd5 exd5 18. Be3 Be6 19. Nd3 {1/2-1/2 Varga,
Z-Acs,P/Budapest FS02 GM 1996}) 15. Bf4 Ne7 16. Qb5 b6 17. Rad1 Be6 18. h3 Qc8
19. Rc1 Qb7 {1/2-1/2 Lengyel,L-Acs,P/Budapest FS11 GM 1995}) (13... Nxc3 14.
Qxc3 (14. bxc3 Bxe5 15. dxe5 Qxd3 16. Bxd3 Bd7 $15) 14... Nf5 15. Be3 Nxe3 (
15... a5 $5 16. Rac1 (16. Rad1 Nxe3 17. fxe3 a4 18. Nc4 Rb8 19. Na5 Qb6 20. Rc1
Bd8 21. Nc4 $14 {Vokarev,S-Fradkin,B/RUS-chJ sf 1996}) 16... a4 17. Red1 Nxe3
18. Qxe3 $14 {Topalov,V-Karpov,A/Linares 1995}) 16. fxe3 (16. Qxe3 Qb6) 16...
Rb8 17. Rad1 Bd7 18. Bb1 Be8 19. Ng4 Bg5 20. e4 $14 {Chiburdanidze,M-Ioseliani,
N/WchW 1988}) 14. Qg3 Kh8 $2 {As it happens sometimes when you are not very
familiar with variation-the first ''own'' move is decisive mistake!The
conclusion is very simple:be careful when you play new variations,don't trust
the recomendations-check them out!} (14... Bc6 15. Ng4 h5 $6 16. Qh3 $5 g6 17.
Nxf6+ Nxf6 18. Bxc6 bxc6 19. Bg5 $16 {Illescas Cordoba,M-Bass,L/Leon 1990}) 15.
Qh3 $1 $18 {[%csl Rh6][%cal Gh3d7]} Bxe5 $8 16. Bxh6 $1 f5 (16... Kg8 17. dxe5
$5 (17. Bd2 Bxh2+ 18. Qxh2 Nf6 $14) (17. Bxg7 $1 Bxh2+ 18. Qxh2 Kxg7 19. Qh7+
Kf6 20. Bxd5 exd5 (20... Nxd5 21. Qh6+ Ke7 22. Nxd5+ $18) (20... Rh8 21. Ne4#)
21. Qh6+ Ng6 22. Nxd5+ Kf5 23. Qh5+ Qg5 24. g4#) 17... gxh6 18. Qxh6 f5 19.
Bxd5 exd5 20. e6 (20. Qg5+ Kf7 $13) 20... Be8 21. Qg5+ $40) 17. Bg5+ Kg8 18.
Nxd5 $1 Bd6 (18... exd5 19. Bxd5+ Nxd5 20. Bxd8 $18) 19. Nxe7+ Bxe7 20. Bxe7
Qxe7 21. Bxf5 {[%cal Ge1e7] At this stage black could just resign,but for some
reason he keeps on playing.} Rxf5 22. Qxf5 Rf8 23. Qe5 Qf7 24. f3 Re8 25. Re4
Bc6 26. Rf4 Qg6 27. Rg4 Qf7 28. Re1 Bd5 29. Qg3 Bxa2 30. Re5 Bb1 31. Reg5 g6
32. Rxg6+ Bxg6 33. Rxg6+ Kh7 34. Rg5 1-0

[Event "Chalapathi GM"]
[Site "Guntur"]
[Date "2000.04.14"]
[Round "12"]
[White "Yurtaev, Leonid"]
[Black "Ibragimov, Ildar"]
[Result "1-0"]
[WhiteElo "2536"]
[BlackElo "2611"]
[Annotator "Finkel,A"]
[PlyCount "69"]
[EventDate "2000.04.03"]
[EventType "tourn"]
[EventRounds "13"]
[EventCountry "IND"]
[EventCategory "10"]
[SourceTitle "CBM 077"]
[Source "ChessBase"]
[SourceDate "2000.07.27"]
[SourceVersion "1"]
[SourceVersionDate "2000.07.27"]
[SourceQuality "1"]

1. e4 c6 2. c4 d5 3. exd5 cxd5 4. cxd5 Nf6 5. Nc3 Nxd5 6. Nf3 e6 7. d4 Be7 8.
Bd3 Nc6 9. O-O O-O 10. Re1 Nf6 11. a3 Qd6 {The text looks like a novelty, but
the idea of putting pressure on the d4-pawn by ...Qd6 and ...Rd8 is quite
common in this particular pawn formation. Here the drawback of this plan is
the delay in the development of the queenside.} ({A common move here is} 11...
b6 {which was tried before. After 11...b6 White has a choice:} 12. Bg5 (12. Bc2
Ba6 (12... Bb7 $6 13. Qd3 Re8 14. d5 $1 exd5 15. Bg5 Ne4 16. Nxe4 dxe4 17. Qxe4
g6 18. Qh4 $16 {Dizdar,G-Dizdarevic,E/Sarajevo 1988}) 13. b4 (13. Bg5 Rc8 14.
Qd2 Bc4 15. Rad1 Nd5 16. Ne4 Bxg5 $6 17. Nexg5 Nf6 18. Nxh7 $1 Nxh7 19. Bxh7+
Kxh7 20. Qc2+ $18 {Gobet,F-Campora,D/Bern/1988/ -> CBM 08}) 13... Bc4 (13...
Rc8 14. Bb2 Nd5 $2 15. b5 $1 Nxc3 16. Qd3 $1 g6 17. Bxc3 Qc7 18. bxa6 Na5 19.
Bxa5 {Anand,V-Adams,M/London/1987/}) 14. b5 Na5 15. Ne5 Rc8 16. Re3 $36 {
Dizdar,G-Laketic,G/JUG-ch 1990} (16. Bg5 g6 17. Qf3 Bd5 $13 {Franco,Z-Short,N/
Arnhem-Amsterdam/1983/})) 12... Bb7 13. Bc2 Nd5 14. Qd3 g6 15. h4 Bxg5 16. Nxg5
Nce7 17. Qf3 Nxc3 18. Qxb7 Ncd5 $13) 12. Nb5 (12. Bc2 Rd8 13. Be3 b6 (13... a6
14. Qe2 Bd7 15. Rad1 Be8 16. Bb1 Qc7 17. Qc2 Rac8 18. d5 $5 $36 {Van de
Plassche,B-Gelpke,P/NLD-chT9495}) 14. Qd3 g6 15. Rad1 Bb7 16. Bg5 Qc7 17. Bb3
Nxd4 $5 18. Nxd4 Ng4 $1 $36 {Kurajica,B-Kutirov,R/Strumica 1995}) (12. Bg5 Rd8
13. Qc2 h6 ({After} 13... Nxd4 14. Nxd4 Qxd4 {White would keep the initiative
by} 15. Rad1) 14. Be3 Ng4 $6 15. Rad1 Nxe3 16. Rxe3 $5 $36 {Gadjilu,R-Kutirov,
R/EU-chTM 1997}) 12... Qd8 13. Bc2 b6 14. Nc3 Bb7 15. Qd3 g6 (15... Qd6 $5 16.
Bg5 g6 17. Bb3 Rfd8 18. Rad1 Rac8 19. h4 $36) 16. Bh6 Re8 17. Rad1 Nd5 18. Nxd5
$5 ({Usually white tries to keep the knights} 18. Ne4 $5) 18... Qxd5 (18...
exd5 19. Ne5 (19. h4 $5) 19... Nxe5 20. dxe5 Qd7 21. Be3 Rac8 22. Bd4 $14) 19.
Bb3 Qh5 (19... Qd6 $6 20. d5 exd5 21. Bxd5 {[%csl Rd6,Rf7]} Rad8 22. Bxf7+ $1
Kxf7 23. Qb3+ $18) (19... Qf5 20. Qxf5 gxf5 21. d5 Na5 22. Ba4 (22. Ba2 $5)
22... Bxd5 23. Bxe8 Rxe8 24. Nd4 $16) 20. Bf4 Rad8 21. h3 Bd6 $2 {This move is
serious mistake and with accurate and energetic play white reveals it very
quickly.} (21... Bf6 $1) (21... Na5 $2 22. Re5 $18 {[%csl Rh5]}) 22. Bxd6 Rxd6
23. d5 $1 $36 Rf8 (23... Red8 24. dxc6 $3 Rxd3 25. Rxd3 Rxd3 26. cxb7 {[%cal
Gb7b8]} Rd8 27. Rc1 $1 Qb5 28. Rc8 Qd7 29. b8=Q Rxc8 30. Qe5 $16) 24. Qe3 $1
exd5 25. Qf4 Rdd8 (25... Rfd8 26. Ng5 f5 27. Re6 R6d7 28. Rde1 $40 {[%csl Rg8]}
) 26. Kh2 {[%csl Rh5]} Kg7 (26... d4 27. Ng5 $1 {[%csl Rf7]} Kg7 (27... Rd7 $2
28. Ne4 $18 {[%cal Ge4f6]}) 28. Bxf7 Bc8 29. Rc1 $1 Rd5 $1 30. Qc7 $1 (30. Rxc6
Qxg5 31. Qxg5 Rxg5 $11) 30... Rxg5 31. Bxg6+ $1 $18 {[%csl Rg7]}) 27. g4 Qh6
28. g5 Qh5 29. Rxd5 Rxd5 30. Bxd5 $18 {[%csl Rb7,Rf8,Rh5][%cal Gd5b7]} Nd8 31.
Bxb7 Nxb7 32. Re7 Nd8 33. Ne5 Qe2 34. Qf6+ Kg8 35. Ng4 {[%cal Gg4h6]} 1-0

[Event "New York WFW"]
[Site "New York"]
[Date "1990.??.??"]
[Round "?"]
[White "Speelman, Jonathan S"]
[Black "Averbakh, Yuri L"]
[Result "1-0"]
[WhiteElo "2605"]
[BlackElo "2450"]
[Annotator "Ftacnik,L"]
[PlyCount "55"]
[EventDate "1990.09.??"]
[EventType "tourn"]
[EventRounds "9"]
[EventCountry "USA"]
[EventCategory "11"]
[SourceTitle "CBM 020"]
[Source "ChessBase"]
[SourceDate "1991.02.01"]
[SourceVersion "1"]
[SourceVersionDate "1991.02.01"]
[SourceQuality "1"]

1. Nf3 Nf6 2. c4 e6 3. Nc3 d5 4. d4 c5 5. cxd5 Nxd5 6. e3 Nc6 7. Bd3 Be7 8. O-O
O-O 9. Re1 Ncb4 $6 {N} 10. Bb1 Nf6 (10... cxd4 11. exd4 b6 12. a3 Nxc3 13. bxc3
Nd5 14. Qd3 $14) 11. a3 Nc6 (11... Nbd5 12. e4 Nxc3 13. bxc3 $16) 12. Ne4 (12.
dxc5 Qxd1 13. Rxd1 Bxc5 14. b4 Be7 15. Bb2 $14) 12... cxd4 13. exd4 Bd7 14. Qd3
g6 (14... Nxe4 15. Qxe4 g6 16. Bh6 Re8 17. h4 $40) 15. Bh6 Re8 16. Ba2 Qb6 17.
Qd2 (17. b4 Rad8) 17... Qa5 (17... Rad8 $5 $14) 18. Nc3 (18. b4 Nxe4 19. Rxe4
Qf5) 18... Rad8 19. d5 $1 exd5 (19... Nxd5 20. Bxd5 exd5 21. b4 Qc7 22. Nxd5
Qc8 23. Qb2 $18) 20. b4 Qc7 21. b5 Nb8 (21... d4 $2 22. Bxf7+ $1 Kxf7 23. Qa2+
$18) 22. Rxe7 $1 Rxe7 23. Qd4 Qb6 (23... Qd6 24. Nxd5 Re6 25. Bf4 $18) 24. Nxd5
Qxd4 25. Nxe7+ Kh8 26. Nxd4 Bg4 27. Be3 Rd7 28. Bf4 $1 {Ftacnik,L} 1-0

[Event "Olympiad-31"]
[Site "Moscow"]
[Date "1994.12.13"]
[Round "12.2"]
[White "Hracek, Zbynek"]
[Black "Janjgava, Lasha"]
[Result "1-0"]
[WhiteElo "2530"]
[BlackElo "2500"]
[Annotator "Ftacnik,L"]
[PlyCount "115"]
[EventDate "1994.12.01"]
[EventType "team-swiss"]
[EventRounds "14"]
[EventCountry "RUS"]
[SourceTitle "CBM 045"]
[Source "ChessBase"]
[SourceDate "1995.04.01"]
[SourceVersion "1"]
[SourceVersionDate "1995.04.01"]
[SourceQuality "1"]
[WhiteTeam "Czech Republic"]
[BlackTeam "Georgia"]
[WhiteTeamCountry "CZE"]
[BlackTeamCountry "GEO"]

1. e4 c6 2. d4 d5 3. exd5 cxd5 4. c4 Nf6 5. Nc3 e6 6. Nf3 Be7 7. cxd5 Nxd5 8.
Bd3 Nc6 9. O-O O-O 10. Re1 Bf6 11. Be4 Nce7 12. Qd3 g6 13. Ne5 Bd7 14. Bh6 Bg7
15. Bxg7 Kxg7 16. Bxd5 $5 exd5 (16... Nxd5 17. Nxd5 exd5 18. h3 $14) 17. h3 f6
18. Nf3 Rf7 19. Re2 Rc8 20. Rae1 Bc6 21. Nh4 Qc7 22. Qf3 Rd8 23. g3 Rd6 24. g4
(24. b4 $5) 24... Rd7 25. Ng2 g5 26. Nd1 $6 (26. h4 h6 $14) 26... Bb5 $1 27.
Re6 Rd6 28. Qa3 Rxe6 29. Rxe6 f5 30. Nc3 Bc6 31. Re5 Qd7 32. Ne3 f4 (32... fxg4
33. Rxg5+ Kh8 34. Nxg4 $16) 33. Nf1 (33. Rxg5+ Kf6) 33... h6 34. Nh2 $5 (34.
Qxa7 Ng6 35. Re1 Re7 $132) 34... Ng6 35. Nf3 $5 (35. Re1 Re7 36. Rxe7+ Qxe7 37.
Qxe7+ Nxe7 $10) 35... Nxe5 36. Nxe5 Qe7 37. Qxa7 $1 (37. Nxf7 Qxa3 38. bxa3
Kxf7 $10) 37... Qb4 $6 (37... Rf6 38. a3 $5 $44 (38. Nxc6 Rxc6 39. Nxd5 $2 Qe1+
40. Kg2 Qe4+)) 38. Qb8 (38. Nxf7 Kxf7 39. Qc5 Qxb2 40. Nxd5 $2 Qb1+ 41. Kh2 Qe4
$19) 38... Rf6 39. Nxc6 Rxc6 40. Qe5+ Kh7 41. Qf5+ Kg7 (41... Rg6 42. Qf7+ Rg7
43. Qxd5 $36) 42. Qd7+ Kf8 43. Qd8+ Kg7 44. Qd7+ Kf8 45. Qxd5 Qxb2 46. Ne4 Qe2
(46... Qb6 47. Nc5 $40) 47. Qd8+ Kg7 48. Qe7+ Kg6 49. Qe8+ Kg7 50. Qe5+ Kg6 51.
Kh2 $1 Rc1 52. Qe6+ Kg7 53. h4 $1 gxh4 (53... Qf1 54. Qe7+ Kh8 55. Qf8+ Kh7 56.
Nf6+ Kg6 57. h5#) 54. Qe7+ Kg6 55. Qe6+ Kg7 56. g5 $1 hxg5 (56... Qe1 57. Qf6+
$1 Kg8 (57... Kh7 58. g6+ Kg8 59. Qf7+ Kh8 60. Qf8#) 58. Qd8+ Kf7 (58... Kg7
59. gxh6+ Kf7 60. Qd7+ Kg6 61. Qe6+) 59. g6+ $1 Ke6 (59... Kxg6 60. Qg8+ Kf5
61. Nd6+ Kf6 62. Qf7+ Kg5 63. Qf5#) 60. Qd6+ Kf5 61. Qd5+ Kxg6 62. Qg8+ Kf5 63.
Nd6+ Kf6 64. Qf7+ Kg5 65. Qf5#) 57. Qe7+ Kh8 58. Qe5+ (58. Qe5+ Kh7 59. Nxg5+
Kg6 60. Qxe2) 1-0

[Event "Hoogovens"]
[Site "Wijk aan Zee"]
[Date "1991.01.??"]
[Round "5"]
[White "Adams, Michael"]
[Black "Seirawan, Yasser"]
[Result "1/2-1/2"]
[WhiteElo "2600"]
[BlackElo "2595"]
[Annotator "Ftacnik,L"]
[PlyCount "109"]
[EventDate "1991.01.??"]
[EventType "tourn"]
[EventRounds "13"]
[EventCountry "NED"]
[EventCategory "14"]
[SourceTitle "CBM 022"]
[Source "ChessBase"]
[SourceDate "1991.06.01"]
[SourceVersion "1"]
[SourceVersionDate "1991.06.01"]
[SourceQuality "1"]

1. e4 c6 2. d4 d5 3. exd5 cxd5 4. c4 Nf6 5. Nc3 e6 6. Nf3 Be7 7. cxd5 Nxd5 8.
Bd3 Nc6 9. O-O O-O 10. Re1 Ncb4 11. Bb1 b6 12. a3 Nxc3 13. bxc3 Nd5 14. Qd3 Nf6
15. Bg5 g6 16. Ne5 Bb7 17. Bh6 Re8 18. Qh3 Qc8 19. Ba2 Bf8 20. Re3 Bg7 21. Rae1
$40 Qc7 22. Qh4 (22. Nxf7 Qxf7 (22... Kxf7 23. Rxe6 Bd5 (23... Nd5 24. Qf3+ $18
) 24. Rxf6+ Kxf6 25. Qh4+ $18) 23. Bxe6 (23. Rxe6 Bd5 $1) 23... Rxe6 24. Rxe6
Bc8) 22... Bxh6 23. Qxh6 Qe7 24. Nxg6 $1 hxg6 25. Rh3 Nh5 26. Rxh5 $2 (26. Re5
$1 Qf6 27. Rexh5 Qg7 $16) 26... gxh5 27. Re5 f6 28. Re3 h4 $1 29. Qxh4 Kf7 30.
Qh5+ Kf8 31. Qh8+ Kf7 32. Bxe6+ Qxe6 33. Qh7+ Kf8 34. Rxe6 Rxe6 35. h4 Be4 36.
Qh6+ Kf7 37. f3 Bb1 38. Qh5+ Bg6 39. Qd5 Rg8 40. g3 Rge8 41. h5 Bd3 42. g4 Kg7
43. Kf2 Re3 44. g5 (44. c4 Be2 $132) 44... Re2+ 45. Kg3 fxg5 46. Qxg5+ Kh7 47.
Qf6 R2e7 48. d5 Rg7+ 49. Kf4 Ree7 50. Qd4 Rgf7+ 51. Kg3 Be2 52. d6 Rxf3+ 53.
Kh4 Ref7 $1 (53... Re8 54. d7 Rd8 55. Qe4+) 54. Qe4+ R7f5 55. Qxe2 {Ftacnik,L}
1/2-1/2

[Event "URS-sf Russia-ch"]
[Site "Gorky"]
[Date "1989.??.??"]
[Round "?"]
[White "Baburin, Alexander"]
[Black "Fokin, Sergey"]
[Result "1-0"]
[WhiteElo "2415"]
[BlackElo "2380"]
[Annotator "Ftacnik,L"]
[PlyCount "71"]
[EventDate "1989.11.??"]
[EventType "tourn"]
[EventRounds "13"]
[EventCountry "URS"]
[EventCategory "7"]
[SourceTitle "CBM 016"]
[Source "ChessBase"]
[SourceDate "1990.06.01"]
[SourceVersion "1"]
[SourceVersionDate "1990.06.01"]
[SourceQuality "1"]

1. d4 Nf6 2. c4 e6 3. Nc3 d5 4. cxd5 Nxd5 5. Nf3 c5 6. e3 Nc6 7. Bd3 Be7 8. O-O
cxd4 9. exd4 Nxc3 10. bxc3 O-O 11. Re1 b6 12. h4 $1 Bb7 13. Ng5 Bxg5 14. Bxg5
Qd5 15. Qg4 f5 16. Qg3 Na5 $6 (16... Kh8 $22 17. h5 h6 $14) 17. Re5 Qd7 18.
Rae1 Bd5 19. h5 $1 Nc4 20. R5e2 Nd6 21. h6 Rf7 22. Bf4 Ne4 23. Bxe4 fxe4 24.
Be5 g6 25. c4 Bxc4 (25... Bb7 $16) 26. Rxe4 Bxa2 27. Rg4 Bd5 28. Rc1 Bc6 (28...
Rc8 29. Rxg6+ hxg6 30. Qxg6+ Kf8 31. Bd6+ $1 Qxd6 32. Rxc8+ Ke7 33. h7 $18) 29.
d5 $1 Qxd5 (29... Bxd5 30. Rc7 Qe8 31. Rxg6+ $18) (29... exd5 30. Rxg6+ hxg6
31. Qxg6+ Kf8 32. Bd6+ $18) 30. Bb2 Rc8 31. Rxg6+ hxg6 32. Qxg6+ Kf8 33. Ba3+
Ke8 34. Qg8+ Kd7 35. Qxf7+ Kd8 36. Qe7# {Ftacnik} 1-0

[Event "USA-ch"]
[Site "Key West"]
[Date "1994.??.??"]
[Round "8"]
[White "Gulko, Boris F"]
[Black "Kaidanov, Gregory S"]
[Result "1-0"]
[WhiteElo "2590"]
[BlackElo "2645"]
[Annotator "Ftacnik,L"]
[PlyCount "53"]
[EventDate "1994.10.??"]
[EventType "tourn"]
[EventRounds "13"]
[EventCountry "USA"]
[EventCategory "13"]
[SourceTitle "CBM 044"]
[Source "ChessBase"]
[SourceDate "1995.02.01"]
[SourceVersion "1"]
[SourceVersionDate "1995.02.01"]
[SourceQuality "1"]

1. c4 c6 2. e4 d5 3. exd5 Nf6 (3... cxd5 4. cxd5 Nf6 5. Bb5+) 4. d4 cxd5 5. Nc3
e6 6. Nf3 Be7 (6... Bb4) 7. cxd5 Nxd5 8. Bd3 Nc6 9. O-O O-O 10. Re1 Bf6 11. a3
Bd7 (11... Nxc3 12. bxc3 b6 13. h4 Bb7 (13... Bxh4 14. Nxh4 Qxh4 15. Re3 f5 16.
Qe2 $44 {Vaiser-Meduna,E/Sochi/1983/}) 14. Ng5 g6 15. Qg4 h5 16. Qg3 Ne7 17.
Bf4 $14 {Ribli,Z-Gheorghiu,F/Warsaw zt/1979/}) 12. Bc2 Rc8 13. Ne4 Be7 14. Qd3
g6 15. Bd2 (15. Bh6 Re8 16. Rad1 Bf8 $13) 15... Qb6 16. b4 $1 Rfd8 (16... a5
17. Nc5 $1) 17. Bb3 Be8 18. Rac1 a6 $2 (18... a5 19. b5 Na7 20. a4 Rxc1 21.
Rxc1 Nc8 $14) 19. h4 Na7 $2 (19... a5) 20. Nc5 Nc6 21. h5 Qa7 $2 (21... Kg7 $1
$16) 22. hxg6 hxg6 23. Nxe6 $1 fxe6 24. Rxe6 Bf7 (24... Kg7 25. Bxd5 $1 Rxd5
26. Qe4 Rd7 (26... Rcd8 27. Rcxc6 $1 $18) 27. d5 $18) 25. Rxg6+ Kf8 (25... Bxg6
26. Qxg6+ Kh8 27. Qh5+ $18) 26. Rh6 Ke8 27. Re1 1-0